| 000 | 01131nam a2200421 a 4500 | ||
|---|---|---|---|
| 003 | AR-BaBNM | ||
| 005 | 20251128204147.0 | ||
| 008 | 082120s2002 ||||||||||||||000 | spa|| | ||
| 020 | _a950-25-1413-0 | ||
| 040 | _cAR-BaBNM | ||
| 100 | 1 | _aRecalde, Héctor | |
| 245 | 0 | 0 | _aMatrimonio civil y divorcio |
| 260 |
_aBuenos Aires _bCEAL _c1986 |
||
| 300 |
_a158 p. _btablas |
||
| 490 | 0 | _aBiblioteca política argentina | |
| 504 | _aContiene: fuentes y bibliografía | ||
| 650 | 4 | _aDERECHO CIVIL | |
| 650 | 4 | _aDERECHO DE FAMILIA | |
| 650 | 4 | _aMATRIMONIO | |
| 650 | 4 | _aDIVORCIO | |
| 650 | 4 | _aHISTORIA POLITICA | |
| 650 | 4 | _aHISTORIA DEL DERECHO | |
| 650 | 4 | _aEDUCACION LAICA | |
| 650 | 4 | _aEDUCACION RELIGIOSA | |
| 650 | 4 | _aSOCIALISMO | |
| 650 | 4 | _aANARQUISMO | |
| 650 | 4 | _aCULTURAS LATINOAMERICANAS | |
| 650 | 4 | _aHISTORIA CULTURAL | |
| 650 | 4 | _aCOSTUMBRES Y TRADICIONES | |
| 650 | 4 | _aANTROPOLOGIA CULTURAL Y SOCIAL | |
| 650 | 4 | _aFAMILIA | |
| 650 | 4 | _aDERECHO CONSTITUCIONAL | |
| 650 | 4 | _aDERECHOS DE LA MUJER | |
| 651 | 4 | _aArgentina | |
| 800 | 1 | _aTroncoso, Oscar | |
| 942 | _cBK | ||
| 998 | _cHector | ||
| 999 |
_c6425 _d6425 |
||